| 000 | 00641nam a2200193 a 4500 | ||
|---|---|---|---|
| 001 | 000034303 | ||
| 005 | 20200930073629.0 | ||
| 008 | 111003s2009 br 000 0 spa d | ||
| 020 | _a9788576171737 | ||
| 040 |
_aDO-SdBNP _bspa _cBNPHU |
||
| 100 | 1 |
_aSantos, Joel Rufino dos _959733 |
|
| 245 | 1 | 0 |
_aCarolina María de Jesús : _buma escritora improvável / _cJoel Rufino dos Santos. |
| 260 |
_aBrasil : _bGaramond, _c2009. |
||
| 300 |
_a165 p. : _bil. ; _c23 cm. |
||
| 490 | 1 | _aPersonalidades negras | |
| 500 | _aIncluye referencias bibliográficos y notas al pie de las páginas | ||
| 830 | 0 |
_aPersonalidades negras _959292 |
|
| 049 | _aBNPD | ||
| 999 |
_c33794 _d33794 |
||